Statistics for Countries Extending Furthest from their Capitals

Click here to take the quiz!

General Stats

  • This quiz has been taken 144 times
  • The average score is 18 of 20

Answer Stats

kmCountry% Correct
4,418Canada
100%
6,922Russia
100%
4,020United States
100%
2,216Argentina
99%
3,646China
99%
3,097Brazil
98%
3,719Australia
97%
2,273Chile
97%
2,307Mexico
97%
1,973Algeria
94%
2,273India
94%
1,941D.R. Congo
93%
1,813Kazakhstan
90%
1,848Libya
87%
1,719Niger
87%
1,521Iran
83%
1,497Mali
81%
1,779Morocco
72%
1,493Norway
66%
1,907Mozambique
65%

Score Distribution

Percentile by Number Answered

Percent of People with Each Score

Your Score History

You have not taken this quiz